Sporcle Minesweeper Quiz Stats

 Plays Quiz Updated Nov 16, 2017

Also try: A Minefield Puzzle
Challenge
Share
Tweet
Score 0/71 Timer 07:00
36 Plays Today
% Correct
???
70.4%
???
55.4%
???
54.2%
???
53.9%
???
53%
???
52.9%
???
52.7%
???
52.7%
???
52.2%
???
51.2%
???
51.1%
???
50.8%
???
50.4%
???
50.3%
???
50.3%
???
49.9%
???
49.6%
???
49.5%
???
48.5%
???
48.1%
???
48.1%
???
47.7%
???
47.3%
???
46.3%
???
46%
???
45.7%
???
45.3%
???
44.8%
???
44.7%
???
44.4%
???
43.4%
???
43.2%
???
42.4%
???
39.9%
???
39.6%
???
38.9%
% Correct
???
38.4%
???
37.9%
???
36.6%
???
35.2%
???
35.2%
???
34.8%
???
34.1%
???
32.8%
???
31.6%
???
31.2%
???
30.7%
???
29.4%
???
28.7%
???
28%
???
27.7%
???
27.6%
???
27.3%
???
26.1%
???
26.1%
???
25.9%
???
25.6%
???
25.3%
???
25.2%
???
25.1%
???
25.1%
???
25%
???
24.6%
???
24.6%
???
24.6%
???
24.1%
???
24%
???
23.2%
???
23%
???
22.9%
???
22%

You're not logged in!

Compare scores with friends on all Sporcle quizzes.
Join for Free
OR
Log In

You Might Also Like...

Show Comments

Extras

Top Quizzes Today


Score Distribution

Your Account Isn't Verified!

In order to create a playlist on Sporcle, you need to verify the email address you used during registration. Go to your Sporcle Settings to finish the process.

Report this User

Report this user for behavior that violates our Community Guidelines.

Details: